2005 | Visual C (Record no. 5814)

MARC details
000 -LEADER
fixed length control field 00937cam a22003015a 4500
008 - FIXED-LENGTH DATA ELEMENTS--GENERAL INFORMATION
fixed length control field 150816t2006 njuad||f |||| 001 0 eng d
010 ## - LIBRARY OF CONGRESS CONTROL NUMBER
LC control number 2005054625
020 ## - INTERNATIONAL STANDARD BOOK NUMBER
International Standard Book Number 0131525239 (pbk.)
020 ## - INTERNATIONAL STANDARD BOOK NUMBER
International Standard Book Number 9780131525238 (pbk.)
020 ## - INTERNATIONAL STANDARD BOOK NUMBER
International Standard Book Number 9780132043618
035 ## - SYSTEM CONTROL NUMBER
System control number (OCoLC)ocm61478859
040 ## - CATALOGING SOURCE
Original cataloging agency EG-ScBUE
Language of cataloging eng
Transcribing agency EG-ScBUE
082 04 - DEWEY DECIMAL CLASSIFICATION NUMBER
Classification number 005.133
Item number DEI
Edition number 22
100 1# - MAIN ENTRY--PERSONAL NAME
Personal name Deitel, Harvey M.,
245 10 - TITLE STATEMENT
Title 2005
-- Visual C
Remainder of title how to program /
Statement of responsibility, etc H.M. Deitel, P.J. Deitel.
250 ## - EDITION STATEMENT
Edition statement 2nd ed.
260 ## - PUBLICATION, DISTRIBUTION, ETC. (IMPRINT)
Place of publication, distribution, etc Upper Saddle River, N.J. :
Name of publisher, distributor, etc Pearson/Prentice Hall,
Date of publication, distribution, etc c2006.
300 ## - PHYSICAL DESCRIPTION
Extent xxxviii, 1591 p. :
Other physical details ill. ;
Dimensions 24 cm.
490 ## - Series Statement
Series statement How to program series
500 ## - GENERAL NOTE
General note index 1559-1591.
511 ## - PARTICIPANT OR PERFORMER NOTE
Participant or performer note catalogued by: wessam
650 #0 - SUBJECT ADDED ENTRY--TOPICAL TERM
Topical term or geographic name as entry element (Computer program language)
Source of heading or term BUEsh
651 ## - SUBJECT ADDED ENTRY--GEOGRAPHIC NAME
Source of heading or term BUEsh
653 ## - INDEX TERM--UNCONTROLLED
Resource For college Informatics and Computer Science
Arrived date list August2015
655 ## - INDEX TERM--GENRE/FORM
Form subdivision
-- 33728
700 1# - ADDED ENTRY--PERSONAL NAME
Personal name Deitel, Paul J.
942 ## - ADDED ENTRY ELEMENTS (KOHA)
Item type Book - Borrowing
Call number prefix 005.133DEI
Source of classification or shelving scheme Dewey Decimal Classification
Holdings
Withdrawn status Item status Source of classification or shelving scheme Damaged status Not for loan Home library Current library Shelving location Date acquired Source of acquisition Total Checkouts Total Renewals Full call number Barcode Date last seen Date last borrowed Koha item type
    Dewey Decimal Classification     Central Library Central Library Lower Floor 06/11/2007 Purchase 2 4 005.133 DEI 000007386 15/07/2025 03/11/2008 Book - Borrowing